[Event "TCh-CZE Zapad 2013-14"]
[Site "Karlovy Vary CZE"]
[Date "2013.12.08"]
[Round "4.3"]
[White "Tichy,S"]
[Black "Gregor,Ji"]
[Result "1-0"]
[WhiteElo "2159"]
[BlackElo "2225"]

1.c4 c6 2.d4 d5 3.cxd5 cxd5 4.Nc3 Nf6 5.Nf3 a6 6.Bf4 Nc6 7.e3 Bg4 8.Be2 Rc8
9.O-O e6 10.Rc1 Be7 11.Na4 Nd7 12.a3 O-O 13.b4 b5 14.Nc5 Nxc5 15.bxc5 g5
16.Bg3 Bxf3 17.Bxf3 f5 18.h3 Rf7 19.Be2 f4 20.Bh2 Na5 21.Bg4 Rc6 22.exf4 gxf4
23.Qe2 Rf6 24.g3 Nc4 25.Rc3 Qf8 26.gxf4 Bd8 27.Kh1 Bc7 28.Rg1 Kh8 29.Rf3 h6
30.Bg3 Bxf4 31.Bxf4 Rxf4 32.Rxf4 Qxf4 33.Bxe6 Ne3 34.Bxd5 Qf5 35.fxe3  1-0

[Event "FSGM December 2013"]
[Site "Budapest HUN"]
[Date "2013.12.09"]
[Round "3.3"]
[White "Fodor,T jr"]
[Black "Korpa,B"]
[Result "0-1"]
[WhiteElo "2461"]
[BlackElo "2356"]

1.c4 c6 2.Nf3 d5 3.e3 Nf6 4.b3 Bf5 5.Bb2 e6 6.Be2 Nbd7 7.Nh4 Bg6 8.Nc3 Bd6
9.d4 Be4 10.O-O O-O 11.g3 Qe7 12.a3 Rad8 13.cxd5 exd5 14.Nxe4 Nxe4 15.Nf5 Qg5
16.Nxd6 Nxd6 17.Bc1 Ne4 18.Qe1 Qg6 19.a4 h5 20.Kh1 f5 21.Qa5 Rde8 22.Bf3 h4
23.gxh4 f4 24.Ra2 fxe3 25.fxe3 Rf6 26.Qe1 Ref8 27.Bg2 Rxf1+ 28.Bxf1 Ndf6
29.Rg2 Ng4 30.Kg1 Qf5 31.Ba3 Rf7 32.Re2 Ngf2 33.Bg2 Qg4 34.Bd6 Nh3+ 35.Kh1 Nxd6  0-1

[Event "5th Penang Open 2013"]
[Site "George Town MAS"]
[Date "2013.12.09"]
[Round "1.16"]
[White "Kow,Jonathan"]
[Black "Castellano,Christo"]
[Result "0-1"]
[WhiteElo "1712"]
[BlackElo "2270"]

1.c4 c6 2.Nc3 d5 3.d4 Nf6 4.cxd5 cxd5 5.Bf4 Nc6 6.e3 a6 7.Bd3 Bg4 8.f3 Bc8
9.Nge2 e6 10.O-O Nh5 11.Rc1 Nxf4 12.Nxf4 Bd6 13.Nfe2 O-O 14.Kh1 Ne7 15.e4 dxe4
16.fxe4 e5 17.d5 Bg4 18.Qe1 Ng6 19.Qg3 Bd7 20.Nd1 Nf4 21.Nxf4 exf4 22.Qf3 Qh4
23.Nc3 Rac8 24.Qf2 Qh6 25.Rce1 Be5 26.Ne2 g5 27.g3 Bh3 28.Rg1 Kh8 29.gxf4 gxf4
30.Nd4 Qb6 31.Qh4 Qxd4 32.Qxh3 Rg8 33.Bb1 Qxb2 34.Rg2 Rc1 35.Rxg8+ Kxg8 36.Qg4+ Kf8
37.Qg1 Rxe1 38.Qxe1 f3 39.Qg1 Qe2 40.Qc5+ Kg7 41.Qg1+ Kf6 42.h4 h6 43.Qb6+ Kg7
44.Qg1+ Kh7 45.Bd3 Qxd3 46.d6 Qxd6 47.a3 Qd2  0-1

[Event "6th Kolkata Open"]
[Site "Kolkata IND"]
[Date "2013.12.10"]
[Round "6.16"]
[White "Sundararajan,K"]
[Black "Ravi,TeS"]
[Result "1/2-1/2"]
[WhiteElo "2435"]
[BlackElo "2335"]

1.c4 c6 2.Nf3 d5 3.g3 Nf6 4.Bg2 Bg4 5.Ne5 Be6 6.cxd5 Bxd5 7.Nf3 c5 8.Nc3 Bc6
9.O-O e6 10.Re1 Nbd7 11.e4 e5 12.d3 g6 13.a3 a5 14.a4 Bg7 15.Nb5 O-O 16.Qb3 Ne8
17.Be3 h6 18.Rac1 b6 19.Nd2 Bxb5 20.Qxb5 Nc7 21.Qb3 Ne6 22.Bh3 Re8 23.Nc4 Rb8
24.Rc3 Nd4 25.Bxd4 cxd4 26.Nd6 Re7 27.Rc6 Nc5 28.Qb5 Rc7 29.Rxb6 Rxb6 30.Qxb6 Nxd3
31.Nxf7 Qf6 32.Nxh6+ Kh7 33.Qxf6 Bxf6 34.Rd1 Nxb2 35.Rb1 Nxa4 36.Ng4 Bg7
37.Ra1 Nc3 38.Rxa5 d3 39.Nxe5 d2 40.Bg4 Nxe4 41.Rd5 Bxe5 42.Rxe5 Nf6 43.Bf3 Rc3
44.Re3 Rxe3 45.fxe3 Ne4 46.Kf1 Nc3 47.Kf2 Kh6 48.e4 d1=Q 49.Bxd1 Nxd1+ 50.Kf3 Nb2
51.h4 Nd3 52.Ke3 Ne5 53.Kf4 Nf7 54.g4 Kg7  1/2-1/2

[Event "5th Penang Open 2013"]
[Site "George Town MAS"]
[Date "2013.12.11"]
[Round "4.25"]
[White "Noguchi,K"]
[Black "Chan,Yi Meng Ryan"]
[Result "1-0"]
[WhiteElo "2089"]
[BlackElo "1660"]

1.c4 c6 2.g3 e6 3.Bg2 d5 4.Nf3 Nf6 5.O-O Bd6 6.b3 O-O 7.Bb2 Nbd7 8.d3 e5
9.cxd5 Nxd5 10.Nbd2 Qe7 11.Nc4 Bc7 12.Ba3 c5 13.Rc1 N7b6 14.Nfd2 Bd7 15.Na5 Rab8
16.Ne4 Rfc8 17.Bxc5 Qe6 18.Ba3 f5 19.Nc5 Qe7 20.Nc4 Nxc4 21.Bxd5+ Kh8 22.Rxc4 Bd6
23.Nxd7 Qxd7 24.Rxc8+ Rxc8 25.Bxd6 Qxd6 26.Bxb7 Rc7 27.Bf3 f4 28.Qd2 fxg3
29.hxg3 Qe6 30.Rc1 Re7 31.Rc6 Qh3 32.Qg5 Re8 33.Bg4  1-0

[Event "5th Penang Open 2013"]
[Site "George Town MAS"]
[Date "2013.12.11"]
[Round "5.37"]
[White "Limono,Handjojo"]
[Black "Chan,Yi Meng Ryan"]
[Result "0-1"]
[WhiteElo "1851"]
[BlackElo "1660"]

1.c4 c6 2.Nf3 e6 3.b3 d5 4.Bb2 Nf6 5.g3 Bd6 6.Bg2 O-O 7.O-O Nbd7 8.d3 Re8
9.Nc3 e5 10.cxd5 cxd5 11.Nb5 Bb8 12.Qd2 a6 13.Na3 Bd6 14.Rfc1 Qe7 15.Nc2 b5
16.Ne3 Nb6 17.Rc6 Rb8 18.Rac1 Bd7 19.R6c2 Bb4 20.Qd1 d4 21.Nf1 Nbd5 22.N1d2 Bc3
23.Bxc3 dxc3 24.Ne4 Nb4 25.Rxc3 Nxa2 26.Nxf6+ Qxf6 27.Rc7 Nxc1 28.Qxc1 Rec8
29.Qc5 Qd8 30.Rxc8 Rxc8 31.Qa3 Qc7 32.h3 Qc1+ 33.Qxc1 Rxc1+ 34.Kh2 f6 35.Ng1 Be6
36.b4 Rb1 37.Bb7 Rxb4 38.Bxa6 Rb1 39.f4 b4 40.fxe5 fxe5 41.Nf3 b3 42.Kg2 b2
43.d4 exd4 44.Bd3 Rd1 45.Bc2 Rc1 46.Be4 Bb3 47.Nxd4 Bc2 48.Bd5+ Kh8 49.Ba2 Ra1  0-1

[Event "5th Classic GpD 2013"]
[Site "London ENG"]
[Date "2013.12.11"]
[Round "1.2"]
[White "Short,N"]
[Black "Howell,D"]
[Result "1/2-1/2"]
[WhiteElo "2683"]
[BlackElo "2640"]

1.c4 c6 2.e4 d5 3.e5 dxc4 4.Bxc4 Qd4 5.Qe2 Bg4 6.f3 Bf5 7.e6 Bxe6 8.Bxe6 fxe6
9.Qxe6 Na6 10.Ne2 Qh4+ 11.g3 Qf6 12.Qe3 Nh6 13.g4 Nf7 14.Nbc3 Nb4 15.Kd1 e5
16.Rf1 Be7 17.b3 O-O 18.Ba3 Na6 19.Ne4 Qe6 20.Bxe7 Qxe7 21.N2g3 Rfd8 22.Nf5 Qe6
23.a3 b6 24.Rc1 Nc7 25.Rxc6 Qd7 26.Rc1 Nd5 27.Qd3 Qb7 28.h4 Rd7 29.h5 Rad8
30.Qb5 g6 31.hxg6 hxg6 32.Nh4 Ne3+ 33.Ke1 Nxf1 34.Nf6+ Kg7 35.Nxd7 Nxd2 36.Kxd2 Rxd7+
37.Ke1 Rd6 38.Rd1 Qe7 39.Ng2 Rxd1+ 40.Kxd1 Qxa3 41.Ne3 Qa1+ 42.Ke2 Qb2+ 43.Kd1 Qd4+
44.Ke2 Ng5 45.Nc4 Nf7 46.Qc6 Qc3 47.Qb5 Kh6 48.Qe8 Qc2+ 49.Nd2 Kg7 50.Qe7 a5
51.g5 Qc6 52.Ne4 Qc2+ 53.Nd2 Qc6 54.Ne4 b5 55.Nc5 Kg8 56.Ne6 Qc2+ 57.Ke1 Qc1+
58.Ke2 Qc2+ 59.Ke1 Qc1+ 60.Ke2  1/2-1/2

[Event "5th Classic Open 2013"]
[Site "London ENG"]
[Date "2013.12.11"]
[Round "5.40"]
[White "Crouch,C"]
[Black "Harari,Z"]
[Result "1-0"]
[WhiteElo "2362"]
[BlackElo "2118"]

1.c4 c6 2.b3 d5 3.Bb2 Nf6 4.e3 Bf5 5.Nf3 e6 6.Nc3 Nbd7 7.Be2 Bd6 8.Nh4 Bg6
9.Nxg6 hxg6 10.Qc2 a5 11.d4 Qe7 12.e4 Nxe4 13.Nxe4 dxe4 14.Qxe4 Bb4+ 15.Kf1 Ba3
16.Bxa3 Qxa3 17.g3 Nf6 18.Qc2 a4 19.bxa4 Qxa4 20.Qb2 O-O 21.Kg2 Rab8 22.Rhc1 Rfd8
23.Rab1 Qa7 24.c5 Qa5 25.Rc4 Ne4 26.Rb4 e5 27.Qc2 Nf6 28.dxe5 Nd7 29.e6 Qxc5
30.exf7+ Kf8 31.Qxg6 Ne5 32.Qe4 b5 33.a4 Rb7 34.axb5 Re7 35.b6 Nd3 36.Bxd3 Rxe4
37.Rxe4 Qd5 38.Bc2 Qa2 39.Re8+ Kxf7 40.Rxd8 Qxc2 41.Rdd1 Qe4+ 42.Kg1  1-0

[Event "5th Classic Open 2013"]
[Site "London ENG"]
[Date "2013.12.12"]
[Round "6.37"]
[White "Roberts,P"]
[Black "Maduekwe,C"]
[Result "1-0"]
[WhiteElo "2215"]
[BlackElo "2126"]

1.c4 c6 2.e4 d5 3.exd5 cxd5 4.d4 Nf6 5.Nc3 e6 6.Nf3 Bb4 7.cxd5 Nxd5 8.Bd2 O-O
9.Bd3 b6 10.O-O Be7 11.Nxd5 exd5 12.Ne5 Ba6 13.Bxa6 Nxa6 14.Qe2 Nb8 15.Rac1 Re8
16.Qh5 g6 17.Qh3 Bf6 18.f4 Na6 19.f5 Bxe5 20.dxe5 Rxe5 21.fxg6 hxg6 22.Rxf7 Kxf7
23.Qh7+ Kf6 24.Rc6+ Re6 25.Bg5+ Kxg5 26.Rxe6 Qg8 27.Qe7+ Kh5 28.h4 g5 29.Qf6 Rf8
30.Qh6+ Kg4 31.Rg6 Qxg6 32.Qxg6 Rf5 33.h5  1-0

[Event "Pavlodar Open 2013"]
[Site "Pavlodar KAZ"]
[Date "2013.12.12"]
[Round "4.16"]
[White "Temirbayev,S"]
[Black "Ankudinova,Y"]
[Result "1-0"]
[WhiteElo "2362"]
[BlackElo "2151"]

1.c4 c6 2.Nf3 d5 3.b3 Bf5 4.Bb2 e6 5.e3 Nf6 6.Be2 Nbd7 7.Nh4 Bg6 8.a3 Bd6
9.h3 O-O 10.Nxg6 hxg6 11.d3 Re8 12.Nd2 e5 13.cxd5 cxd5 14.O-O Qe7 15.Qb1 Rec8
16.Rc1 Qd8 17.Rxc8 Rxc8 18.Qd1 a6 19.Rc1 Rxc1 20.Qxc1 Qc7 21.Qxc7 Bxc7 22.h4 Kf8
23.Kf1 Ke7 24.Ke1 Ne8 25.g4 Bd6 26.Kd1 Nc7 27.Kc2 b5 28.b4 Nb6 29.Nb3 f6
30.Na5 Kd7 31.g5 Ke6 32.Bg4+ Kf7 33.Nc6 Ne6 34.Kd2 Nd7 35.Bf3 Nb6 36.gxf6 gxf6
37.h5 Ng5 38.hxg6+ Kxg6 39.Bg4 Kf7 40.Nd8+ Ke8 41.Nb7 Ke7 42.Ba1 Ne6 43.Kc2 Nc7
44.Bc3 Ne6 45.Kb3 Nc7 46.Bf5 Na4 47.Be1 Ne6 48.Bg4 Kd7 49.f3 Ke7 50.Bh4 Bc7
51.Kc2 Bb6 52.Bf2 Kd7 53.Kd2 Ke7 54.Bf5 Kd7 55.Bg4 Ke7 56.Kc2 Kd7 57.d4 Ke7
58.dxe5 fxe5 59.Bh4+ Kd7 60.Bf6 Bxe3 61.Nd8  1-0

[Event "5th Classic Open 2013"]
[Site "London ENG"]
[Date "2013.12.13"]
[Round "7.43"]
[White "Villiers,Thomas"]
[Black "Bird,A"]
[Result "1/2-1/2"]
[WhiteElo "2078"]
[BlackElo "2229"]

1.c4 c6 2.Nf3 d5 3.g3 Bg4 4.Bg2 e6 5.cxd5 Bxf3 6.Bxf3 cxd5 7.Qb3 Qd7 8.O-O Nc6
9.e3 Nf6 10.d4 Bd6 11.Nc3 h5 12.Rd1  1/2-1/2

[Event "Malmo Open 2013"]
[Site "Malmo SWE"]
[Date "2013.12.13"]
[Round "1.7"]
[White "Persson,J"]
[Black "Lindgren,P"]
[Result "0-1"]
[WhiteElo "2073"]
[BlackElo "2301"]

1.c4 c6 2.e4 d5 3.cxd5 cxd5 4.exd5 Nf6 5.Qa4+ Nbd7 6.Nc3 g6 7.Nf3 Bg7 8.Bc4 O-O
9.d3 a6 10.Qa3 b6 11.Be3 Bb7 12.O-O b5 13.Bb3 Re8 14.Qb4 Nf8 15.Rfe1 Nxd5
16.Nxd5 Bxd5 17.Bb6 Qxb6 18.Bxd5 Rad8 19.Bb3 e6 20.a4 Bxb2 21.Ra2 Bd4 22.axb5 axb5
23.Kf1 Rd6 24.Ng5 Bg7 25.Ra7 Rd4 26.Qa3 Rf4 27.Ne4 Qd4 28.Re3  0-1

[Event "SportAccord Blitz Women 2013"]
[Site "Beijing CHN"]
[Date "2013.12.14"]
[Round "5.4"]
[White "Zhao Xue"]
[Black "Ushenina,A"]
[Result "0-1"]
[WhiteElo "2568"]
[BlackElo "2501"]

1.c4 c6 2.Nf3 d5 3.e3 Nf6 4.b3 e6 5.Bb2 Bd6 6.Nc3 O-O 7.Be2 b6 8.Rc1 Bb7
9.cxd5 exd5 10.O-O Nbd7 11.Qc2 Re8 12.d4 Rc8 13.Rfd1 Nf8 14.Bd3 Ne6 15.Bf5 g6
16.Bh3 Bf8 17.Ne2 Rc7 18.Nc3 Rc8 19.a3 Bg7 20.b4 Re7 21.Qb3 a6 22.a4 Rcc7
23.Rc2 Ne8 24.Rdc1 Nd6 25.b5 axb5 26.axb5 Nc4 27.bxc6 Bxc6 28.Ba3 Red7 29.Bb4 Ra7
30.g3 Qa8 31.Ne2 Ba4 32.Qb1 Bxc2 33.Qxc2 Ra2 34.Qd3 Bf8 35.Bxf8 Kxf8 36.Ne5 Nxe5
37.dxe5 Qa6 38.Qxa6 Rxa6 39.Nd4 Nxd4 40.exd4 Rda7 41.Kg2 Ke7 42.Rb1 Rc7 43.Rb5 Ra5
44.Rxb6 Ra4 45.Bg4 Rxd4 46.Bf3 Rd2 47.Rd6 Rcc2 48.Bxd5 Rxf2+ 49.Kh3 Rxh2+
50.Kg4 Rhd2 51.Kf3 Rc5 52.Ke4 f5+ 53.exf6+ Kxd6 54.f7 Rf2  0-1

[Event "Bundesliga 2013-14"]
[Site "Berlin GER"]
[Date "2013.12.14"]
[Round "5"]
[White "Cyborowski,L"]
[Black "Schneider,Il"]
[Result "1/2-1/2"]
[WhiteElo "2526"]
[BlackElo "2514"]

1.c4 c6 2.d4 d5 3.e3 Nf6 4.Nc3 a6 5.Nf3 b5 6.b3 Bg4 7.Be2 Nbd7 8.O-O e6 9.h3 Bh5
10.Bb2 Bd6 11.Ne5 Bxe2 12.Nxe2 bxc4 13.bxc4 O-O 14.Qc2 Qc7 15.Nd3 c5 16.dxc5 Nxc5
17.Rfc1 Rfc8 18.cxd5 Nxd5 19.Nxc5 Qxc5 20.Qd1 Qb5 21.Rxc8+ Rxc8 22.Rb1  1/2-1/2

[Event "Bundesliga 2013-14"]
[Site "Griesheim GER"]
[Date "2013.12.14"]
[Round "5"]
[White "Ipatov,Alexander"]
[Black "Bulski,K"]
[Result "1-0"]
[WhiteElo "2625"]
[BlackElo "2534"]

1.c4 c6 2.Nf3 d5 3.d4 Nf6 4.Nc3 dxc4 5.a4 Bf5 6.e3 e6 7.Bxc4 Bb4 8.O-O Nbd7
9.Nh4 Bg6 10.Nxg6 hxg6 11.h3 a5 12.e4 e5 13.d5 Nb6 14.Bd3 cxd5 15.Bb5+ Kf8
16.exd5 Nfxd5 17.Nxd5 Nxd5 18.Qf3 e4 19.Qxe4 Rh4 20.Qf3 Bc5 21.Rd1 Rd4 22.Rxd4 Bxd4
23.Bd2 Nf6 24.Rd1 Qb6 25.b4 axb4 26.Bxb4+ Kg8 27.g3 Rd8 28.Kg2 Rd5 29.g4 g5
30.Rc1 Qd8 31.Re1 Qb8 32.Re7 Qc8 33.Qb3 Qc1 34.Bc4 Qf4 35.Qf3 Qxf3+ 36.Kxf3 Rd7
37.Bxf7+ Kh7 38.Ke2 b6 39.f3 Bg1 40.Rxd7 Nxd7 41.Bd2 Nc5 42.Be8 Ne6 43.Be3 Nf4+
44.Kd2 Bxe3+ 45.Kxe3 Kg8 46.Ke4 Kf8 47.Bb5 Kf7 48.h4 Kf6 49.hxg5+ Kxg5 50.Ke5  1-0

[Event "5th Classic Open 2013"]
[Site "London ENG"]
[Date "2013.12.14"]
[Round "8.21"]
[White "Ahlander,B"]
[Black "Buchicchio,Giam"]
[Result "0-1"]
[WhiteElo "2429"]
[BlackElo "2312"]

1.c4 c6 2.e4 e5 3.Nf3 d6 4.d4 Qc7 5.Nc3 g6 6.Be2 Bg7 7.O-O Ne7 8.Be3 O-O
9.h3 Kh8 10.c5 dxc5 11.dxc5 Rd8 12.Qc2 Bd7 13.Ng5 Be8 14.Bc4 Ng8 15.Qb3 Rd7
16.Rad1 Re7 17.Nd5 cxd5 18.exd5 Qc8 19.d6 Rd7 20.Bxf7 Nh6 21.Bxe8 Qxe8 22.Ne6 Na6
23.Nxg7 Kxg7 24.Qc3 Rc8 25.b4 Nf7 26.Qb3 b6 27.Qa3 Nb8 28.f4 bxc5 29.bxc5 Nc6
30.Rde1 Qe6 31.fxe5 Kg8 32.Bf4 Ncxe5 33.Qc3 Qd5 34.Bxe5 Rxc5 35.Bh8 Nxd6
36.Qf6 Rc8 37.Rd1 Qc5+ 38.Kh1 Rf7 39.Qb2 Nf5 40.Rf3 Rcf8 41.Be5 Qc4 42.Qf2 h5
43.Ba1 Kh7 44.Kg1 Re8 45.Qb2 Rfe7 46.Rdf1 Re2 47.Qf6 Qxa2 48.Qg5 Rf8 49.Bf6 Rxf6
50.Rd3 Qe6 51.Rdf3 Qa2 52.Rd3 Qe6 53.Rdf3 Re1 54.g4 Qb6+ 55.Kg2 Rxf1 56.Kxf1 Ne3+
57.Ke2 Qb2+ 58.Kd3 Rxf3 59.gxh5 Ng4+ 60.Ke4 Qe2+ 61.Kd5 Rf5+  0-1

[Event "Malmo Open 2013"]
[Site "Malmo SWE"]
[Date "2013.12.14"]
[Round "4.9"]
[White "Guglielmi,R"]
[Black "Lindgren,P"]
[Result "1-0"]
[WhiteElo "2193"]
[BlackElo "2301"]

1.c4 c6 2.e4 d5 3.cxd5 cxd5 4.exd5 Nf6 5.d4 Nxd5 6.Nc3 Nc6 7.Bb5 Nxc3 8.bxc3 Qd5
9.Bf1 e5 10.Nf3 Bg4 11.Be2 exd4 12.O-O d3 13.Bxd3 O-O-O 14.Be2 Qe4 15.Bd2 Bc5
16.Re1 Qd5 17.Bf4 Qh5 18.Qa4 Bd6 19.Rab1 Bxf4 20.Qxf4 Qf5 21.Qg3 h5 22.h3 Bxf3
23.Bxf3 Qf6 24.Rb3 Rd6 25.Reb1 b6 26.Bxc6 Rxc6 27.a4 Kb7 28.a5 Rd8 29.axb6 axb6
30.Qe3 Qe6 31.Qf3 Qd5 32.Qe3 Rdd6 33.Qe7+ Rc7 34.Qe3 Rg6 35.Rxb6+ Rxb6 36.Qxb6+ Kc8
37.Qb8+ Kd7 38.Re1 Rc8 39.Qa7+ Rc7 40.Qa4+ Qc6 41.Qd4+ Kc8 42.Qxg7 Qxc3 43.Qf8+ Kb7
44.Rb1+ Kc6 45.Qe8+ Rd7 46.Qc8+ Rc7 47.Qa6+ Kd7 48.Rd1+ Ke7 49.Qe2+ Kf8 50.Qxh5 Rc8
51.Qh6+ Kg8 52.Qg5+ Kf8 53.Qh6+ Kg8 54.Rd5 Qc1+ 55.Qxc1 Rxc1+ 56.Kh2 Rc2
57.Rf5 Kg7 58.Kg3 Rc4 59.Rf4 Rc3+ 60.f3 Rc5 61.h4 Rc2 62.Kh3 Rb2 63.g4 Ra2
64.Kg3 Ra3 65.h5 Ra5 66.Rc4 Ra3 67.Kf4 Ra5 68.g5 Kh7 69.Kg4 Rb5 70.f4 Ra5
71.Rc7 Kg7 72.g6 Kg8 73.Rxf7 Ra1 74.Rf6 Ra5 75.f5 Ra4+ 76.Kg5 Ra1 77.Rb6 Ra8
78.h6 Kh8 79.h7 Rf8 80.Kh6  1-0

[Event "Malmo Open 2013"]
[Site "Malmo SWE"]
[Date "2013.12.14"]
[Round "4.2"]
[White "Brynell,S"]
[Black "Rydstrom,Tom"]
[Result "1-0"]
[WhiteElo "2474"]
[BlackElo "2156"]

1.c4 c6 2.e4 d5 3.exd5 cxd5 4.d4 Nf6 5.Nc3 Nc6 6.Nf3 Bg4 7.cxd5 Nxd5 8.Qb3 Bxf3
9.gxf3 Nb6 10.Be3 e6 11.O-O-O Bb4 12.d5 Nxd5 13.Nxd5 exd5 14.Rxd5 Qc7 15.Kb1 O-O
16.f4 a5 17.a3 Be7 18.Bg2 a4 19.Qc4 Bf6 20.Rc1 Rfc8 21.Rcd1 Rd8 22.Rxd8+ Bxd8
23.Bh3 Na5 24.Qxa4 Bf6 25.Rc1 Qd6 26.Qd7 Qxd7 27.Bxd7 g6 28.b4 Nb3 29.Rc8+ Rxc8
30.Bxc8 b5 31.Kc2 Nd4+ 32.Kd3 Nf3 33.h3 Bb2 34.Kc2 Bf6 35.Bd7 Nd4+ 36.Kd3  1-0

[Event "Bundesliga 2013-14"]
[Site "Berlin GER"]
[Date "2013.12.15"]
[Round "6"]
[White "Andersen,Mad"]
[Black "Abel,D"]
[Result "1/2-1/2"]
[WhiteElo "2476"]
[BlackElo "2427"]

1.c4 c6 2.Nf3 d5 3.g3 Bg4 4.Bg2 e6 5.O-O Nd7 6.cxd5 exd5 7.d3 Ngf6 8.Nc3 Be7
9.e4 dxe4 10.dxe4 Nc5 11.Qxd8+ Rxd8 12.Be3 a6 13.h3 Bxf3 14.Bxf3 Nd3 15.Be2 Bc5
16.Bxd3 Bxe3 17.Bxa6 Bxf2+ 18.Kxf2 bxa6 19.Ke3 Nd7 20.Rf5 f6 21.Ra5 Ne5 22.Rxa6 Rd3+
23.Ke2 O-O 24.Rxc6 Rxg3 25.Rc7 Rg2+ 26.Ke3 Rxb2 27.a4 Rh2 28.Nd5 Rxh3+ 29.Kd4 Nf3+
30.Kc5 Nd2 31.Kc6 Nxe4 32.a5 Rh2 33.a6 Rc2+ 34.Kb6 Rb2+ 35.Kc6 Rc2+ 36.Kb6 Rb2+
37.Kc6 Rc2+  1/2-1/2

[Event "AUS Masters GM"]
[Site "Melbourne AUS"]
[Date "2013.12.16"]
[Round "3.1"]
[White "Morris,J"]
[Black "Smirnov,Ant"]
[Result "1/2-1/2"]
[WhiteElo "2398"]
[BlackElo "2318"]

1.c4 c6 2.b3 d5 3.Bb2 Bg4 4.g3 Nd7 5.Bg2 Ngf6 6.Nf3 e6 7.O-O Bd6 8.d4 Bxf3
9.Bxf3 O-O 10.Nd2 Qe7 11.a3 e5 12.e4 dxe4 13.Nxe4 Nxe4 14.Bxe4 f5 15.Bg2 e4
16.b4 Nf6 17.f3 Rae8 18.fxe4 Nxe4 19.c5 Bb8 20.d5 Be5 21.d6 Qe6 22.Bxe5 Qxe5
23.Qb3+ Kh8 24.Rae1 h6 25.Qe3 Qd5 26.Rd1 Qg8 27.d7 Rd8 28.Bxe4 fxe4 29.Rxf8 Qxf8
30.Qxe4 Qf7 31.Qd4 Qe6 32.a4 a6 33.h4 h5 34.Kh2 Qe2+ 35.Kh3 Qe6+ 36.g4 Rxd7
37.Qxd7 Qe3+ 38.Kg2 Qe2+ 39.Kg3 Qe3+ 40.Kg2 Qe2+ 41.Kg1 Qe3+ 42.Kf1 Qf3+  1/2-1/2

[Event "SportAccord Basque Women 2013"]
[Site "Beijing CHN"]
[Date "2013.12.17"]
[Round "2.1"]
[White "Zhao Xue"]
[Black "Ushenina,A"]
[Result "1-0"]
[WhiteElo "2568"]
[BlackElo "2501"]

1.c4 c6 2.Nf3 d5 3.b3 Nf6 4.Bb2 e6 5.g3 Bd6 6.Bg2 O-O 7.O-O b5 8.d3 a5 9.Nc3 Ba6
10.Rc1 Nbd7 11.Qc2 Qb8 12.Rfd1 Rc8 13.Ba1 a4 14.Rb1 axb3 15.axb3 Qa7 16.e3 Bf8
17.Ne2 Rab8 18.Bd4 c5 19.Ba1 bxc4 20.bxc4 dxc4 21.dxc4 Rb4 22.Nd2 Rcb8 23.Bc3 Rxb1
24.Rxb1 Rxb1+ 25.Qxb1 Qb6 26.Qa2 Bb7 27.e4 Ne8 28.Nf4 Nd6 29.h4 Qa6 30.Qb3 Qb6
31.Qd1 Nb8 32.Qg4 Nxe4 33.Bxg7 f5 34.Qh5 Kxg7 35.Qe8 Qd6 36.Nxe6+ Kg8 37.Nxe4 Bxe4
38.Ng5 Qe7 39.Qxb8 h6 40.Nxe4 fxe4 41.Qf4 e3 42.Bd5+ Kh8 43.fxe3 Qg7 44.Kg2 Qb2+
45.Kh3 Qg7 46.e4 Qd7+ 47.Kh2 Qg7 48.e5 Be7 49.Qf5 Qh7 50.Qf4 Qc2+ 51.Kh3 Qg6
52.Bf7 Qc6 53.Kh2 Qb6 54.Qf5 Kg7 55.Bh5 Kh8 56.Kh3 Qc6 57.Bf3 Qa6 58.Qf7 Qa7
59.Bd5 Qd7+ 60.Be6 Qd8 61.Bf5 Qg8 62.Qxe7 h5 63.Qf6+ Qg7 64.Qxg7+ Kxg7 65.g4  1-0

[Event "WYCC U18 Open 2013"]
[Site "Al-Ain UAE"]
[Date "2013.12.18"]
[Round "1.11"]
[White "Andersen,Mad"]
[Black "Savitski,A"]
[Result "1-0"]
[WhiteElo "2501"]
[BlackElo "2150"]

1.c4 c6 2.Nf3 d5 3.e3 Nf6 4.Nc3 e6 5.b3 Bd6 6.Bb2 O-O 7.Be2 Nbd7 8.Qc2 a6
9.d4 b5 10.O-O Bb7 11.c5 Bc7 12.b4 e5 13.dxe5 Nxe5 14.Nxe5 Bxe5 15.f4 Bc7
16.a4 Qe7 17.Nd1 Rfb8 18.Bd4 Bc8 19.Nf2 Bd7 20.Ra2 Ne8 21.Rfa1 Qd8 22.Bd3 h6
23.Qd2 Rc8 24.Bc2 Rab8 25.Qd3 Nf6 26.g4 Qe7 27.axb5 axb5 28.Ra7 Ne4 29.Nxe4 dxe4
30.Qxe4 Qxe4 31.Bxe4 Bxg4 32.R1a6 g5 33.Rxc6 Bd8 34.Rxh6  1-0

[Event "Pavlodar Open 2013"]
[Site "Pavlodar KAZ"]
[Date "2013.12.18"]
[Round "9.41"]
[White "Solomatin,S"]
[Black "Mukashev,Aminzhan"]
[Result "1-0"]
[WhiteElo "1875"]
[BlackElo "1604"]

1.c4 c6 2.g3 d5 3.Bg2 Nf6 4.b3 g6 5.Bb2 Bg7 6.Nf3 O-O 7.d3 Bg4 8.Nbd2 Nbd7
9.Rc1 Rc8 10.O-O Re8 11.Ne5 Nxe5 12.Bxe5 Nh5 13.Bxg7 Nxg7 14.cxd5 cxd5 15.Rxc8 Bxc8
16.b4 e5 17.Qa4 a6 18.Rc1 Bd7 19.Qb3 Bc6 20.Qa3 e4 21.Nb3 e3 22.f4 Ne6 23.Qb2 Qb6
24.a3 Rc8 25.Qe5 Rd8 26.Nc5 Nxc5 27.Rxc5 Re8 28.Qf6 Re6 29.Qd4 Qd8 30.Bh3 f5
31.Bg2 Rd6 32.Qxe3 b6 33.Rc1 Kf7 34.Qd4 Bb7 35.Kf2 h6 36.h4 Rd7 37.Ke3 Qe7+
38.Kd2 Qd8 39.Bf3 g5 40.hxg5 hxg5 41.Rh1 Qg8 42.Qe5 Qg7 43.Bh5+ Kg8 44.Qe8+  1-0

[Event "20th Zadar Open B 2013"]
[Site "Zadar CRO"]
[Date "2013.12.18"]
[Round "5.5"]
[White "Mihalinec,D"]
[Black "Glavas,D"]
[Result "1-0"]
[WhiteElo "2230"]
[BlackElo "2276"]

1.c4 c6 2.Nf3 Nf6 3.g3 d5 4.b3 Qb6 5.Bg2 e5 6.O-O e4 7.Ne1 h5 8.Nc3 h4 9.d3 hxg3
10.hxg3 Qd4 11.Qd2 Qe5 12.dxe4 dxe4 13.Nc2 Qh5 14.Rd1 Qh2+ 15.Kf1 Bh3 16.Qd8+  1-0

[Event "WYCC U18 Open 2013"]
[Site "Al-Ain UAE"]
[Date "2013.12.19"]
[Round "2.1"]
[White "Shetty,A"]
[Black "Cori,J"]
[Result "0-1"]
[WhiteElo "2350"]
[BlackElo "2609"]

1.c4 c6 2.g3 d5 3.Bg2 Nf6 4.Nf3 dxc4 5.O-O Nbd7 6.Qc2 Nb6 7.a4 a5 8.Na3 Qd5
9.Ne1 Qh5 10.Nxc4 Nbd5 11.e4 Nb4 12.Qc3 Be6 13.d4 Bxc4 14.Qxc4 e6 15.Bf3 Qg6
16.Qe2 h5 17.h4 Be7 18.e5 Nfd5 19.Be4 Qg4 20.Qxg4 hxg4 21.Bd2 f5 22.exf6 gxf6
23.Bxb4 Nxb4 24.Nc2 Rd8 25.Bg6+ Kd7 26.Ne3 f5 27.Nc4 Bf6 28.Rad1 Kc7 29.Bf7 Nc2
30.Bxe6 Nxd4 31.Bf7 Rd7 32.Bg6 Rg7 33.Rxd4 Bxd4 34.h5 Re7 35.Kg2 Rf8 36.Rd1 c5
37.Rd2 f4 38.gxf4 Rxf4 39.Nxa5 Bg7 40.Nb3 Kc6 41.Rc2 b6 42.a5 Rb4 43.Nd2 b5
44.b3 Bh6 45.a6 Kb6 46.Ra2 Ka7 47.Rc2 Kxa6 48.Nf1 Kb6 49.Ng3 Bf4 50.Nf5 Re1
51.h6 Rxb3 52.Bh5 Bxh6 53.Nxh6 Rh3  0-1

[Event "16th Padova Open A 2013"]
[Site "Padova ITA"]
[Date "2013.12.19"]
[Round "6.10"]
[White "Lazic,Mir"]
[Black "Brunello,M"]
[Result "1-0"]
[WhiteElo "2461"]
[BlackElo "2259"]

1.c4 c6 2.Nf3 d5 3.g3 Nf6 4.Bg2 Bf5 5.cxd5 cxd5 6.Qb3 Qb6 7.Qxb6 axb6 8.Nc3 Nc6
9.d3 e5 10.O-O h6 11.Nxd5 Nxd5 12.e4 Ndb4 13.exf5 Bc5 14.d4 exd4 15.a3 Nc2
16.Rb1 O-O 17.Rd1 Rfe8 18.Bf1 d3 19.Bxd3 N2d4 20.Nxd4 Bxd4 21.Kg2 Rad8 22.Bf4 Re7
23.Bc4 Ne5 24.Bb5 Rd5 25.a4 Nc6 26.Rd2 Red7 27.Rbd1  1-0

[Event "Pavlodar Open 2013"]
[Site "Pavlodar KAZ"]
[Date "2013.12.19"]
[Round "10.4"]
[White "Jumabayev,R"]
[Black "Obolenskikh,D"]
[Result "1-0"]
[WhiteElo "2561"]
[BlackElo "2495"]

1.c4 c6 2.e4 d5 3.exd5 cxd5 4.d4 Nf6 5.Nc3 g6 6.cxd5 Bg7 7.Bc4 O-O 8.Nge2 Na6
9.Nf4 Nc7 10.O-O b6 11.Re1 Bb7 12.Re5 b5 13.Nxb5 Nxb5 14.Bxb5 Nxd5 15.Rg5 Bh6
16.Rxd5 Bxd5 17.Nxg6 fxg6 18.Bxh6 Rf7 19.Bf1 Rc8 20.b3 e6 21.Rc1 Bb7 22.Rxc8 Qxc8
23.Qe2 Rf5 24.h3 Qc6 25.Qe3 Qd6 26.Bc4 Kf7 27.Bd3 Rh5 28.Bf4 Qd8 29.Bc4 Qf6
30.Be5 Qg5 31.Qxg5 Rxg5 32.g4 Bf3 33.Kh2 h5 34.Kg3 hxg4 35.hxg4 Bxg4 36.Kf4 Rf5+
37.Kxg4 Rxf2 38.a4 Ke7 39.a5  1-0

[Event "WYCC U18 Open 2013"]
[Site "Al-Ain UAE"]
[Date "2013.12.21"]
[Round "4.4"]
[White "Grigoryan,K2"]
[Black "Izzat,Kanan"]
[Result "1/2-1/2"]
[WhiteElo "2604"]
[BlackElo "2385"]

1.c4 c6 2.d4 Nf6 3.Nf3 d5 4.e3 g6 5.Nc3 Bg7 6.Bd3 O-O 7.O-O dxc4 8.Bxc4 Bg4
9.Be2 Nbd7 10.h3 Bxf3 11.Bxf3 e5 12.dxe5 Nxe5 13.Be2 Re8 14.Qc2 Qe7 15.Rb1 Nd5
16.Bd2 Nb4 17.Qb3 Rad8 18.Rbd1 Nbd3 19.a3 c5 20.Qa2 Qe6 21.b3 c4 22.bxc4 Nxc4
23.Bc1 Nxc1 24.Rxc1 Nd2 25.Rfd1 Nb3 26.Rb1 Rxd1+ 27.Bxd1 Nc5 28.Qxe6 Rxe6
29.Na4 Nxa4 30.Bxa4 Ra6 31.Bd7 Rxa3 32.Rxb7 Be5 33.g4 a5 34.Bc6 Rc3 35.Bd5 Rc7
36.Rb8+ Kg7 37.Ra8 Bc3 38.f4 Bd2 39.Kf2 Re7 40.e4  1/2-1/2

[Event "WYCC U18 Open 2013"]
[Site "Al-Ain UAE"]
[Date "2013.12.21"]
[Round "5.25"]
[White "Horvath,Dav"]
[Black "Savitski,A"]
[Result "1-0"]
[WhiteElo "2351"]
[BlackElo "2150"]

1.c4 c6 2.Nf3 d5 3.b3 Nf6 4.g3 Bf5 5.Bg2 e6 6.O-O Nbd7 7.Bb2 Bd6 8.d3 Qe7
9.a3 O-O 10.Nh4 Bg6 11.Nxg6 hxg6 12.Nd2 e5 13.cxd5 cxd5 14.e4 Nc5 15.exd5 Nxd3
16.Bc3 Rac8 17.Nc4 Nc5 18.Re1 Ncd7 19.Bh3 Rfd8 20.Nxd6 Qxd6 21.Bb4 Rc5 22.Bxd7 Nxd7
23.Bxc5 Nxc5 24.b4 Na6 25.Qa4 Rc8 26.Qb5 Rc7 27.Qe8+ Kh7 28.Qxe5  1-0

[Event "WYCC U18 Open 2013"]
[Site "Al-Ain UAE"]
[Date "2013.12.21"]
[Round "5.30"]
[White "Lkhagvasuren,Tsedvee"]
[Black "Vanagas,T"]
[Result "0-1"]
[WhiteElo "2292"]
[BlackElo "2116"]

1.c4 c6 2.e4 d5 3.exd5 cxd5 4.cxd5 Nf6 5.Bb5+ Bd7 6.Bc4 Qc7 7.Qb3 b5 8.d3 bxc4
9.dxc4 Nxd5 10.Ne2 Nf6 11.O-O e6 12.Qc3 Bd6 13.h3 O-O 14.Be3 Na6 15.Nd2 Rac8
16.a3 Nc5 17.Qc2 a5 18.Rad1 Rb8 19.Nc3 Rb7 20.a4 Na6 21.Nf3 Bf4 22.Rd4 e5
23.Bxf4 exf4 24.Rfd1 Bc6 25.Rd6 Ne8 26.Ng5 g6 27.Rd8 Qe5 28.h4 Nc5 29.Qd2 h6
30.Re1 Qf5 31.Nh3 Ne6 32.Rd3 Rxb2 33.Qd1 Nf6 34.Nd5 Bxd5 35.cxd5 Nc5 36.Rd4 Rb4
37.Rxb4 axb4 38.Qd4 Nfd7 39.Nxf4 b3 40.Ne2 Re8  0-1